[Event "Quebec op U2000"]
[Site "Montreal CAN"]
[Date "2016.07.24"]
[Round "3.14"]
[White "Langlois-Remillard, Alexis"]
[Black "Mathews, Theo"]
[Result "1-0"]
[WhiteElo "1850"]
[BlackElo "1588"]
[PlyCount "79"]
[EventDate "2016.07.23"]
[EventType "swiss"]
[EventRounds "8"]
[EventCountry "CAN"]

1. b3 d5 2. Bb2 f5 3. e3 Nf6 4. c4 e6 5. g3 c6 6. Bg2 Bd6 7. Ne2 O-O 8. O-O
Nbd7 9. Nbc3 Ne4 10. d3 Nxc3 11. Bxc3 Be5 12. d4 Bd6 13. Qd2 Nf6 14. f3 b6 15.
Rac1 Bb7 16. Rc2 a5 17. a4 c5 18. Rd1 Bc6 19. dxc5 Bxc5 20. Bxf6 Qxf6 21. f4
Rad8 22. Qc3 Qxc3 23. Rxc3 dxc4 24. Rxd8 Rxd8 25. Bxc6 Rd3 26. Rxd3 cxd3 27.
Nd4 d2 28. Bf3 Kf7 29. Kf2 Kf6 30. Ke2 e5 31. fxe5+ Kxe5 32. Kxd2 g5 33. Kd3 h6
34. Kc4 Kf6 35. Kd5 Ba3 36. h3 Bc5 37. g4 f4 38. e4 Ba3 39. e5+ Kf7 40. Nf5 1-0

[Event "Quebec op U2000"]
[Site "Montreal CAN"]
[Date "2016.07.24"]
[Round "3.15"]
[White "Molloy, Francis"]
[Black "Petit, Raymond"]
[Result "0-1"]
[WhiteElo "1527"]
[BlackElo "1848"]
[PlyCount "122"]
[EventDate "2016.07.23"]
[EventType "swiss"]
[EventRounds "8"]
[EventCountry "CAN"]

1. Nf3 d5 2. d4 Nf6 3. c4 e6 4. e3 Be7 5. Bd3 O-O 6. O-O dxc4 7. Bxc4 c5 8. b3
Nc6 9. Bb2 b6 10. dxc5 Bxc5 11. Nc3 Bb7 12. a3 a6 13. b4 Be7 14. Qc2 Qc7 15.
Bd3 Rac8 16. Rac1 Qb8 17. Qb1 b5 18. Ne4 Nxe4 19. Bxe4 h6 20. Rfd1 Rfd8 21.
Rxd8+ Nxd8 22. Bxb7 Nxb7 23. Nd4 Rxc1+ 24. Qxc1 Bd6 25. h3 Qc7 26. Qxc7 Bxc7
27. Nc6 f6 28. Nd4 Kf7 29. Kf1 Nd6 30. Nb3 Nc4 31. Bc1 Bb6 32. Ke2 Ke7 33. Kd3
Kd6 34. Nd2 Ne5+ 35. Kc3 f5 36. g3 g5 37. f4 gxf4 38. exf4 Nc6 39. Nf1 Ne7 40.
Kd3 Nd5 41. Bb2 Kc6 42. Bd4 Bc7 43. Nd2 Nb6 44. Nb3 Nd7 45. Bg7 h5 46. Bd4 Kd5
47. Nd2 Nb6 48. Nb3 Nd7 49. Ke3 Bd6 50. Kd3 Bc7 51. Nd2 e5 52. fxe5 Nxe5+ 53.
Kc3 Nc4 54. Nxc4 bxc4 55. Bf2 Be5+ 56. Kc2 Ke4 57. a4 Kf3 58. Bb6 Kxg3 59. b5
axb5 60. axb5 f4 61. Bc5 f3 0-1

[Event "Quebec op U2000"]
[Site "Montreal CAN"]
[Date "2016.07.24"]
[Round "3.16"]
[White "Zhong, Wenxuan"]
[Black "Kay, Sang Kil"]
[Result "1-0"]
[WhiteElo "1821"]
[BlackElo "1574"]
[PlyCount "169"]
[EventDate "2016.07.23"]
[EventType "swiss"]
[EventRounds "8"]
[EventCountry "CAN"]

1. e4 e5 2. Nf3 Nc6 3. Bc4 Nf6 4. d3 Bc5 5. c3 h6 6. O-O d6 7. Bb3 Be6 8. Bc2
Ng4 9. d4 exd4 10. cxd4 Nxd4 11. Nxd4 Qh4 12. Bf4 Bc4 13. Bg3 Qf6 14. Ne2 Qxb2
15. Nbc3 O-O-O 16. Na4 Qb5 17. Nec3 Qd7 18. Nxc5 dxc5 19. Qxd7+ Rxd7 20. Rfd1
Rhd8 21. h3 Nf6 22. e5 Rxd1+ 23. Bxd1 Ne8 24. Bg4+ Kb8 25. a4 Be6 26. Bf3 c6
27. Rb1 Kc7 28. a5 Rd4 29. Ne4 Rb4 30. Rd1 Rb5 31. Ra1 c4 32. Bf4 Kd7 33. Be3
a6 34. Nc5+ Kc8 35. Nxe6 fxe6 36. Be2 Rxe5 37. Bxc4 Nc7 38. Bb3 Nd5 39. Bd4 Rg5
40. Re1 Kd7 41. g3 g6 42. Kg2 Kd6 43. Bg7 h5 44. Bf8+ Kd7 45. Bc2 Ne7 46. Rb1
Rb5 47. Rxb5 axb5 48. Kf3 Nf5 49. Bxf5 exf5 50. Kf4 Ke6 51. Kg5 Kd5 52. Kxg6 c5
53. Kxf5 b4 54. g4 hxg4 55. hxg4 Kd4 56. g5 b3 57. Bg7+ Kd3 58. g6 c4 59. Ba1
c3 60. g7 b2 61. Bxb2 cxb2 62. g8=Q b1=Q 63. Qd5+ Kc3+ 64. Kf6 Qb4 65. Qf3+ Kc2
66. Qe2+ Kc1 67. Qe3+ Kc2 68. Qb6 Qe4 69. Qc7+ Kb3 70. f4 Ka4 71. f5 Qh4+ 72.
Ke6 Qe4+ 73. Qe5 Qc6+ 74. Ke7 Qc4 75. f6 Qb4+ 76. Ke8 Qb1 77. f7 Qg6 78. Qd5
Kb4 79. Kd7 Qg4+ 80. Kc7 Qg7 81. Kxb7 Qf8 82. a6 Qe7+ 83. Kc6 Ka4 84. Qb5+ Ka3
85. Qc5+ 1-0

[Event "Quebec op U2000"]
[Site "Montreal CAN"]
[Date "2016.07.24"]
[Round "3.17"]
[White "Parenteau, Francois"]
[Black "Chevalier, Francois"]
[Result "1-0"]
[WhiteElo "1696"]
[BlackElo "1779"]
[PlyCount "71"]
[EventDate "2016.07.23"]
[EventType "swiss"]
[EventRounds "8"]
[EventCountry "CAN"]

1. d4 Nf6 2. c4 e6 3. Nc3 d5 4. Bg5 c6 5. e3 Be7 6. Nf3 Nbd7 7. Rc1 O-O 8. Bd3
dxc4 9. Bxc4 Nd5 10. Bxe7 Qxe7 11. O-O N5f6 12. e4 e5 13. h3 exd4 14. Nxd4 Ne5
15. Qb3 Re8 16. Rfe1 Nxc4 17. Qxc4 Be6 18. Qa4 g6 19. f4 Qd7 20. Rcd1 Qc8 21.
Qc2 Bd7 22. Qf2 c5 23. Nc2 b6 24. e5 Nh5 25. Ne4 Rd8 26. Nd6 Qc7 27. Ne3 Bc6
28. Nd5 Bxd5 29. Rxd5 Ng7 30. Red1 Ne8 31. Nxe8 Rxe8 32. Rd7 Qc6 33. Qh4 Kg7
34. R1d6 Qe4 35. Rxf7+ Kxf7 36. Qxh7+ 1-0

[Event "Quebec op U2000"]
[Site "Montreal CAN"]
[Date "2016.07.24"]
[Round "3.18"]
[White "Gauthier, Luc"]
[Black "Desmarais, Serge"]
[Result "1/2-1/2"]
[WhiteElo "1775"]
[BlackElo "1743"]
[PlyCount "100"]
[EventDate "2016.07.23"]
[EventType "swiss"]
[EventRounds "8"]
[EventCountry "CAN"]

1. e4 Nf6 2. e5 Nd5 3. c4 Nb6 4. c5 Nd5 5. Nc3 e6 6. d4 d6 7. Qg4 dxc5 8. dxc5
Nxc3 9. bxc3 Qd5 10. Qg3 Qxc5 11. Ne2 Nc6 12. f4 Bd7 13. a4 Qa5 14. Bd2 O-O-O
15. Nc1 Qd5 16. Be2 Ne7 17. Bf3 Qc4 18. Be2 Qd5 19. Bf3 Qc4 20. Be2 Qc5 21. Nd3
Qb6 22. a5 Qb5 23. Nb4 Qc5 24. Nd3 Qc4 25. Nb4 Qb3 26. O-O Nf5 27. Qf2 Bxb4 28.
cxb4 Kb8 29. g4 Ne7 30. Rab1 Qh3 31. b5 h5 32. Rfc1 hxg4 33. Rc3 Qh4 34. Qg2
Nf5 35. a6 Bc8 36. Be1 g3 37. hxg3 Qh3 38. Qxh3 Rxh3 39. Rbc1 Rd7 40. Kg2 Rh8
41. Bf2 Ne7 42. Ra3 b6 43. Bf3 Nd5 44. Rd1 Rhd8 45. Rh1 g6 46. Raa1 Re7 47.
Rad1 Red7 48. Rc1 Re7 49. Rcd1 Red7 50. Rc1 Re7 1/2-1/2

[Event "Quebec op U2000"]
[Site "Montreal CAN"]
[Date "2016.07.24"]
[Round "3.19"]
[White "Nica, Ion"]
[Black "Brunet, Guy"]
[Result "1-0"]
[WhiteElo "1753"]
[BlackElo "1625"]
[PlyCount "31"]
[EventDate "2016.07.23"]
[EventType "swiss"]
[EventRounds "8"]
[EventCountry "CAN"]

1. d4 d5 2. e4 dxe4 3. Nc3 Bf5 4. Be3 c6 5. Bc4 Nf6 6. Qe2 Nd5 7. Bd2 Nxc3 8.
Bxc3 e6 9. f3 exf3 10. Nxf3 Bg4 11. O-O Qb6 12. Qd2 a5 13. Ne5 Bf5 14. Nxf7
Kxf7 15. Rxf5+ Ke7 16. Re1 1-0

[Event "Quebec op U2000"]
[Site "Montreal CAN"]
[Date "2016.07.24"]
[Round "3.20"]
[White "Sarra-Bournet, Marc"]
[Black "Armstrong, Robert J"]
[Result "0-1"]
[WhiteElo "1866"]
[BlackElo "1735"]
[PlyCount "122"]
[EventDate "2016.07.23"]
[EventType "swiss"]
[EventRounds "8"]
[EventCountry "CAN"]

1. e4 g6 2. d4 Bg7 3. Nf3 d6 4. Bc4 Nf6 5. Nc3 O-O 6. O-O Nxe4 7. Nxe4 d5 8.
Bd3 dxe4 9. Bxe4 Nd7 10. c3 Nf6 11. Bc2 b6 12. Re1 Bb7 13. Bf4 Rc8 14. a3 Nh5
15. Bg5 Nf6 16. Qd2 Bxf3 17. gxf3 Qd7 18. Kg2 Rfe8 19. Qf4 c5 20. Rad1 Nd5 21.
Qh4 cxd4 22. Bb3 e5 23. cxd4 exd4 24. Rxe8+ Rxe8 25. Rxd4 Bxd4 26. Qxd4 Qf5 27.
Bh6 Nf6 28. Qc4 Nh5 29. Qc3 b5 30. Be3 a6 31. Qc6 Qe5 32. Qb7 Nf4+ 33. Kf1 Qf5
34. Qxf7+ Qxf7 35. Bxf7+ Kxf7 36. Bxf4 Ke6 37. Be3 Kd5 38. Ke2 Re5 39. h4 Kc4
40. Kd2 Rd5+ 41. Kc2 Rf5 42. Kd2 Rxf3 43. Ke2 Rh3 44. Bg5 a5 45. Bf6 a4 46. f3
Kb3 47. Kd2 Rh2+ 48. Ke3 Rh1 49. f4 Rh2 50. Ke4 Rxb2 51. Bxb2 Kxb2 52. h5 Kxa3
53. Ke5 b4 54. hxg6 hxg6 55. Kf6 b3 56. Kxg6 b2 57. f5 b1=Q 58. Kg5 Qb5 59. Kg6
Qd3 60. Kg5 Qd5 61. Kg6 Qxf5+ 0-1

[Event "Quebec op U2000"]
[Site "Montreal CAN"]
[Date "2016.07.24"]
[Round "3.21"]
[White "Kozlov, Guennadi"]
[Black "Moore, Ronald"]
[Result "1/2-1/2"]
[WhiteElo "1747"]
[BlackElo "1684"]
[PlyCount "74"]
[EventDate "2016.07.23"]
[EventType "swiss"]
[EventRounds "8"]
[EventCountry "CAN"]

1. e4 c5 2. c3 Nc6 3. Nf3 d6 4. d4 cxd4 5. cxd4 Bg4 6. Be2 g6 7. O-O Bg7 8. Be3
h5 9. Nc3 a6 10. h3 Bxf3 11. Bxf3 Rc8 12. Qa4 Kf8 13. Rac1 e6 14. Rfd1 Nge7 15.
d5 Ne5 16. Be2 exd5 17. Nxd5 Rxc1 18. Rxc1 Nxd5 19. exd5 Bh6 20. Bxh6+ Rxh6 21.
Qb4 Qe7 22. Qe4 f5 23. Qe3 g5 24. f4 gxf4 25. Qxf4 Nf7 26. Rc8+ Kg7 27. Qg3+
Rg6 28. Rg8+ Kxg8 29. Qxg6+ Kf8 30. Bxh5 Qe1+ 31. Kh2 Qe5+ 32. Qg3 Qxd5 33.
Bxf7 Kxf7 34. Qf3 Qe5+ 35. Kg1 Qe1+ 36. Qf1 Qe3+ 37. Qf2 Qe4 1/2-1/2

[Event "Quebec op U2000"]
[Site "Montreal CAN"]
[Date "2016.07.25"]
[Round "4.27"]
[White "Ivakhin, Mikhail"]
[Black "Brassard, Sylvain"]
[Result "1-0"]
[WhiteElo "1853"]
[BlackElo "1842"]
[PlyCount "45"]
[EventDate "2016.07.23"]
[EventType "swiss"]
[EventRounds "8"]
[EventCountry "CAN"]

1. d4 d5 2. e3 Nf6 3. f4 Bg4 4. Nf3 e6 5. Bd3 Ne4 6. O-O Be7 7. Nbd2 f5 8. c4
c6 9. Qb3 Qb6 10. Qc2 Nxd2 11. Bxd2 Bxf3 12. Rxf3 Nd7 13. Rc1 Nf6 14. cxd5 Nxd5
15. a3 a5 16. Kh1 O-O 17. Re1 Nf6 18. Bc3 c5 19. Rg3 Rac8 20. Qa4 cxd4 21. Bxd4
Bc5 22. Bxf6 Rxf6 23. Qd7 1-0

[Event "Quebec op U2000"]
[Site "Montreal CAN"]
[Date "2016.07.25"]
[Round "4.28"]
[White "Morin, Louis"]
[Black "Shah, Omar"]
[Result "1-0"]
[WhiteElo "1907"]
[BlackElo "1973"]
[PlyCount "119"]
[EventDate "2016.07.23"]
[EventType "swiss"]
[EventRounds "8"]
[EventCountry "CAN"]

1. e4 c5 2. Nf3 d6 3. c3 Nf6 4. Be2 Nbd7 5. d3 c4 6. Nbd2 cxd3 7. Bxd3 e6 8.
O-O Be7 9. Nd4 a6 10. Bc2 Qc7 11. f4 O-O 12. g4 b5 13. g5 Ne8 14. N2f3 Bb7 15.
a4 bxa4 16. Rxa4 Nc5 17. Rc4 d5 18. exd5 Bxd5 19. Rb4 Nd6 20. Ne5 Be4 21. Bxe4
Ncxe4 22. Ndc6 f6 23. Nxe7+ Qxe7 24. Nc6 Qe8 25. Nd4 e5 26. Nf5 Nxf5 27. Rxe4
Qc6 28. Qe2 Nd6 29. Re3 exf4 30. Rxf4 fxg5 31. Rxf8+ Rxf8 32. Re6 Qd5 33. Re5
Qb3 34. Bxg5 Nf7 35. Rc5 Nxg5 36. Rxg5 Qb6+ 37. Kh1 Qc6+ 38. Rg2 Re8 39. Qd2 a5
40. h3 a4 41. Kh2 Qc7+ 42. Kh1 Qb7 43. Kh2 Qc7+ 44. Kh1 Rd8 45. Qe2 Qd7 46.
Qc4+ Kh8 47. Qg4 Qb7 48. Qxa4 Ra8 49. Qg4 Ra2 50. b4 Rc2 51. Qg3 h6 52. Kh2 Rc1
53. Qe5 Qd7 54. b5 Rb1 55. c4 Rc1 56. Qf4 Rc3 57. Rg3 Rc2+ 58. Kh1 Qd1+ 59. Rg1
Qd3 60. Qf8+ 1-0

[Event "Quebec op U2000"]
[Site "Montreal CAN"]
[Date "2016.07.25"]
[Round "4.29"]
[White "Germain, Michel"]
[Black "De Lagrave, Sylvain"]
[Result "0-1"]
[WhiteElo "1916"]
[BlackElo "1895"]
[PlyCount "39"]
[EventDate "2016.07.23"]
[EventType "swiss"]
[EventRounds "8"]
[EventCountry "CAN"]

1. d4 Nf6 2. Nf3 c5 3. d5 d6 4. Nc3 e5 5. dxe6 fxe6 6. e4 Nc6 7. Bg5 a6 8. Be2
Be7 9. O-O O-O 10. a4 d5 11. exd5 exd5 12. Bxf6 Bxf6 13. Qxd5+ Qxd5 14. Nxd5
Bxb2 15. Rab1 Bd4 16. Bc4 Kh8 17. c3 Bf6 18. Nxf6 Rxf6 19. Rfe1 Bf5 20. Bd5 0-1

[Event "Quebec op U2000"]
[Site "Montreal CAN"]
[Date "2016.07.25"]
[Round "4.30"]
[White "Perna-Fraser, David"]
[Black "Villeneuve, Benoit"]
[Result "1-0"]
[WhiteElo "1919"]
[BlackElo "1795"]
[PlyCount "89"]
[EventDate "2016.07.23"]
[EventType "swiss"]
[EventRounds "8"]
[EventCountry "CAN"]

1. e4 c5 2. Nf3 d6 3. d4 cxd4 4. Nxd4 Nf6 5. Nc3 a6 6. f3 e5 7. Nb3 Be6 8. Be3
Be7 9. Qd2 d5 10. exd5 Nxd5 11. Nxd5 Qxd5 12. Qxd5 Bxd5 13. O-O-O Bxb3 14. axb3
Nc6 15. Bd3 Rc8 16. Bf5 Rd8 17. Rxd8+ Bxd8 18. Bc8 Na5 19. Bd2 O-O 20. Bxa5
Bg5+ 21. Bd2 Bxd2+ 22. Kxd2 Rxc8 23. Re1 f6 24. Re3 Kf7 25. c4 h5 26. Kc3 Ke6
27. Rd3 g5 28. b4 h4 29. h3 Rc6 30. c5 b6 31. Kc4 b5+ 32. Kc3 Ke7 33. Rd5 Re6
34. Kd3 f5 35. Ke3 Kf6 36. Rd8 Kf7 37. Rd7+ Kf6 38. Rh7 Kg6 39. Rb7 Kf6 40. Rb6
Ke7 41. c6 Rd6 42. c7 Rxb6 43. c8=Q Re6 44. Qg8 Kf6 45. Qh7 1-0

[Event "Quebec op U2000"]
[Site "Montreal CAN"]
[Date "2016.07.25"]
[Round "4.31"]
[White "Filiatrault, Marc"]
[Black "Zumsteg, Nicolas"]
[Result "1-0"]
[WhiteElo "1871"]
[BlackElo "1793"]
[PlyCount "81"]
[EventDate "2016.07.23"]
[EventType "swiss"]
[EventRounds "8"]
[EventCountry "CAN"]

1. e4 c5 2. Nf3 g6 3. c4 Bg7 4. d4 cxd4 5. Nxd4 Nc6 6. Be3 d6 7. Nc3 Nf6 8. f3
O-O 9. Rc1 Bd7 10. Be2 Rc8 11. O-O a6 12. Qd2 Re8 13. Rfd1 Ne5 14. b3 Qa5 15.
Nd5 Qxd2 16. Rxd2 Nxd5 17. exd5 b5 18. Rdc2 bxc4 19. bxc4 Ba4 20. Rb2 Rb8 21.
Rcb1 Nd7 22. Rb7 Rxb7 23. Rxb7 e6 24. dxe6 fxe6 25. Nb3 Ne5 26. Rb6 d5 27. Rxa6
dxc4 28. Rxa4 cxb3 29. axb3 Rb8 30. b4 Bf8 31. b5 Nd7 32. Bc4 Bc5 33. Bxe6+ Kf8
34. Bxc5+ Nxc5 35. Rf4+ Ke7 36. Bc4 Ne6 37. Re4 Rb6 38. Rxe6+ Rxe6 39. Bxe6
Kxe6 40. Kf2 Kd5 41. Kg3 1-0

[Event "Quebec op U2000"]
[Site "Montreal CAN"]
[Date "2016.07.26"]
[Round "4.32"]
[White "El-Adraoui, Mourad"]
[Black "Mok, Yuen Tak"]
[Result "1-0"]
[WhiteElo "1768"]
[BlackElo "1867"]
[PlyCount "191"]
[EventDate "2016.07.23"]
[EventType "swiss"]
[EventRounds "8"]
[EventCountry "CAN"]

1. d4 d5 2. c4 e6 3. Nc3 c6 4. cxd5 exd5 5. Qc2 Bd6 6. Nf3 h6 7. e3 Nf6 8. Rb1
Qe7 9. Bd3 O-O 10. h3 Re8 11. O-O Ne4 12. Re1 f5 13. Nd2 Qh4 14. Nf3 Qf6 15.
Bf1 g5 16. Nh2 h5 17. Nxe4 fxe4 18. g3 Kg7 19. Bg2 Bf5 20. Qe2 Rh8 21. Rf1 Qe6
22. b4 Bxh3 23. f4 Bxg2 24. Qxg2 g4 25. b5 cxb5 26. Rxb5 b6 27. a4 Nd7 28. Qa2
Nf6 29. Bd2 Rhc8 30. Rf2 Qd7 31. Nf1 Rc7 32. Rh2 Be7 33. Bb4 Bxb4 34. Rxb4 Qd6
35. Rb5 Rac8 36. Rhb2 Qd7 37. a5 bxa5 38. Rxa5 Qc6 39. Rxa7 Rxa7 40. Qxa7+ Rc7
41. Qa5 Rb7 42. Rxb7+ Qxb7 43. Qd8 Qd7 44. Qb8 Qe8 45. Qc7+ Qd7 46. Qe5 Qe8 47.
Qg5+ Qg6 48. Qe5 Kh6 49. Nd2 Kg7 50. Nb3 Qe8 51. Qc7+ Kg6 52. Qe5 Qa4 53. Nd2
Qa1+ 54. Nf1 Qa8 55. Qg5+ Kf7 56. Qf5 Qb8 57. Qe5 Qxe5 58. fxe5 Ne8 59. Nd2 Ng7
60. Kf2 Ke7 61. Nb3 Ne6 62. Na5 Nd8 63. Nb3 Nb7 64. Nd2 Nd8 65. Nb1 Kd7 66. Nc3
Kc6 67. Ke2 Ne6 68. Kf2 Nc7 69. Ke1 Ne6 70. Ne2 Kd7 71. Kd2 Ke7 72. Nc3 Nc7 73.
Na4 Kd7 74. Nc5+ Ke7 75. Nb7 Ne8 76. Na5 Nc7 77. Nc6+ Kd7 78. Nb4 Ke6 79. Nc2
Kd7 80. Ne1 Ne6 81. Ng2 Ke7 82. Nh4 Kf7 83. Kc3 Ng5 84. Nf5 Nf3 85. Kb4 Nd2 86.
Kc5 Kg6 87. Nh4+ Kg5 88. e6 Kf6 89. Kxd5 Nf1 90. Kd6 Nxg3 91. e7 Nf5+ 92. Nxf5
Kxf5 93. e8=Q Kg5 94. Qe7+ Kf5 95. Qh4 Kg6 96. Ke6 1-0

[Event "Quebec op U2000"]
[Site "Montreal CAN"]
[Date "2016.07.25"]
[Round "4.33"]
[White "Blanchet, Robert"]
[Black "Langlois-Remillard, Alexis"]
[Result "0-1"]
[WhiteElo "1767"]
[BlackElo "1850"]
[PlyCount "47"]
[EventDate "2016.07.23"]
[EventType "swiss"]
[EventRounds "8"]
[EventCountry "CAN"]

1. e4 e6 2. d4 d5 3. exd5 exd5 4. Be3 Bd6 5. Nc3 Ne7 6. Bd3 Nbc6 7. Nf3 Nb4 8.
Bb5+ c6 9. Ba4 Bg4 10. a3 Na6 11. Qd3 Bxf3 12. gxf3 Nc7 13. h4 Ng6 14. O-O-O
Qf6 15. Rdg1 Nxh4 16. Ne4 dxe4 17. Qxe4+ Be7 18. Bg5 Qe6 19. Qxh4 f6 20. Be3 g5
21. Qh5+ Qf7 22. Qh3 Qa2 23. Qh5+ Kd8 24. Qf7 0-1

[Event "Quebec op U2000"]
[Site "Montreal CAN"]
[Date "2016.07.25"]
[Round "4.34"]
[White "Petit, Raymond"]
[Black "Messier, David"]
[Result "0-1"]
[WhiteElo "1848"]
[BlackElo "1719"]
[PlyCount "92"]
[EventDate "2016.07.23"]
[EventType "swiss"]
[EventRounds "8"]
[EventCountry "CAN"]

1. d4 Nf6 2. c4 e6 3. Nc3 c5 4. d5 exd5 5. cxd5 d6 6. Nf3 Bf5 7. g3 Be7 8. Bg2
O-O 9. O-O Na6 10. a3 c4 11. Qd4 Rc8 12. e4 Bg4 13. Nd2 Nc5 14. h3 Bd7 15. Rb1
b5 16. b3 Nh5 17. bxc4 Bf6 18. Qe3 bxc4 19. g4 Bxc3 20. Qxc3 Nf4 21. Qe3 Ncd3
22. Nf3 h5 23. gxh5 Bxh3 24. Bxh3 Nxh3+ 25. Kh2 Nhf4 26. Rg1 Qd7 27. Rg3 Qe7
28. Bd2 Qf6 29. Rg5 c3 30. Rf5 Qh6 31. Bc1 c2 32. Rb7 Rb8 33. Rxb8 Rxb8 34.
Qxa7 Rf8 35. Qe3 g6 36. Rg5 Kh7 37. Qa7 Nxc1 38. Qe7 Nxh5 39. Rg4 Nf6+ 40. Rh4
Nh5 41. Ng5+ Kg8 42. e5 dxe5 43. Ne4 Nd3 44. Nf6+ Kg7 45. Nd7 Rc8 46. Nf6 c1=Q
0-1

[Event "Quebec op U2000"]
[Site "Montreal CAN"]
[Date "2016.07.25"]
[Round "4.35"]
[White "O'Neill, Brendon"]
[Black "Liu, Yu Qing"]
[Result "0-1"]
[WhiteElo "1699"]
[BlackElo "1821"]
[PlyCount "46"]
[EventDate "2016.07.23"]
[EventType "swiss"]
[EventRounds "8"]
[EventCountry "CAN"]

1. e4 c5 2. Nf3 a6 3. d4 cxd4 4. Nxd4 Nf6 5. Nc3 e5 6. Nf3 Bb4 7. Bg5 d6 8. Bc4
h6 9. Bxf6 Qxf6 10. Qd3 Nd7 11. O-O Bxc3 12. Qxc3 Nc5 13. Bd5 O-O 14. b4 Ne6
15. a4 Nf4 16. Qd2 Bh3 17. Ne1 Bxg2 18. Nxg2 Qg5 19. f3 Nh3+ 20. Kh1 Qxd2 21.
Rab1 Rac8 22. Bb3 Rc3 23. Rbd1 Nf2+ 0-1

[Event "Quebec op U2000"]
[Site "Montreal CAN"]
[Date "2016.07.25"]
[Round "4.36"]
[White "Levasseur, Sylvain"]
[Black "Zhong, Wenxuan"]
[Result "0-1"]
[WhiteElo "1629"]
[BlackElo "1821"]
[PlyCount "38"]
[EventDate "2016.07.23"]
[EventType "swiss"]
[EventRounds "8"]
[EventCountry "CAN"]

1. e4 c5 2. Nc3 Nc6 3. g3 g6 4. Bg2 Bg7 5. d3 d6 6. Nge2 e5 7. Nd5 Be6 8. Ne3
Nge7 9. Nc3 O-O 10. O-O f5 11. f4 Qd7 12. Ncd5 Rf7 13. c4 Raf8 14. Bd2 exf4 15.
Nxf4 fxe4 16. Bxe4 Bxb2 17. Rb1 Bd4 18. Kg2 Bxe3 19. Bxe3 Bh3+ 0-1

[Event "Quebec op U2000"]
[Site "Montreal CAN"]
[Date "2016.07.25"]
[Round "4.38"]
[White "Guipi Bopala, Prince Eric jr"]
[Black "Nica, Ion"]
[Result "0-1"]
[WhiteElo "1816"]
[BlackElo "1753"]
[PlyCount "106"]
[EventDate "2016.07.23"]
[EventType "swiss"]
[EventRounds "8"]
[EventCountry "CAN"]

1. d4 Nf6 2. c4 c5 3. d5 e5 4. Nc3 d6 5. e4 Be7 6. Nf3 O-O 7. Be2 Ne8 8. O-O g6
9. Be3 f5 10. exf5 gxf5 11. Qc2 Nd7 12. Rfe1 Ng7 13. Rad1 e4 14. Nxe4 fxe4 15.
Qxe4 Nf6 16. Qc2 Bf5 17. Bd3 Ng4 18. Bd2 Bh4 19. Re2 Nxf2 20. Rxf2 Bxf2+ 21.
Kxf2 Qh4+ 22. Kg1 Qh5 23. Rf1 Bxd3 24. Qxd3 Qf5 25. Qc3 Rae8 26. Bh6 Rf6 27.
Bxg7 Kxg7 28. Nd2 Qe5 29. Qxe5 Rxe5 30. Rxf6 Kxf6 31. Kf2 h5 32. h3 Kf5 33. b3
a5 34. a4 Kg6 35. h4 Kf5 36. g3 Kg4 37. Nf1 Rf5+ 38. Kg2 Rxf1 39. Kxf1 Kxg3 40.
Ke2 Kxh4 41. Kf3 Kg5 42. Kg3 h4+ 43. Kh3 Kh5 44. Kh2 Kg4 45. Kg2 h3+ 46. Kh2
Kh4 47. Kh1 Kg3 48. Kg1 h2+ 49. Kh1 Kh3 50. b4 axb4 51. a5 b3 52. a6 b2 53. a7
b1=Q# 0-1

[Event "Quebec op U2000"]
[Site "Montreal CAN"]
[Date "2016.07.25"]
[Round "4.39"]
[White "Joyal, Bruno"]
[Black "Parenteau, Francois"]
[Result "1-0"]
[WhiteElo "1925"]
[BlackElo "1696"]
[PlyCount "47"]
[EventDate "2016.07.23"]
[EventType "swiss"]
[EventRounds "8"]
[EventCountry "CAN"]

1. e4 c5 2. Nf3 Nc6 3. d4 cxd4 4. Nxd4 g6 5. Be2 Bg7 6. Be3 Nf6 7. Nc3 d6 8.
O-O O-O 9. Nxc6 bxc6 10. f4 Qa5 11. a3 Bd7 12. Qe1 Ng4 13. Bxg4 Bxg4 14. f5
gxf5 15. h3 fxe4 16. hxg4 Rab8 17. Rf5 d5 18. b4 Qd8 19. Rd1 a5 20. Nxe4 e6 21.
Rh5 axb4 22. axb4 Qc7 23. Ng5 e5 24. Rxh7 1-0

[Event "Quebec op U2000"]
[Site "Montreal CAN"]
[Date "2016.07.25"]
[Round "4.40"]
[White "Deschamps, Richard"]
[Black "Lamoureux, Yvon"]
[Result "0-1"]
[WhiteElo "1905"]
[BlackElo "1663"]
[PlyCount "64"]
[EventDate "2016.07.23"]
[EventType "swiss"]
[EventRounds "8"]
[EventCountry "CAN"]

1. d4 Nf6 2. c4 c5 3. Nf3 cxd4 4. Nxd4 g6 5. Nc3 Bg7 6. e4 d6 7. Be2 Nc6 8. Be3
Ng4 9. Nxc6 Nxe3 10. Nxd8 Nxd1 11. Rxd1 Bxc3+ 12. bxc3 Kxd8 13. c5 Kc7 14.
cxd6+ exd6 15. O-O Be6 16. a3 Rhd8 17. Rd4 d5 18. e5 Rac8 19. Rfd1 h5 20. f4
Rd7 21. Bb5 Rdd8 22. Ba4 a6 23. Bb3 Kb6 24. c4 dxc4 25. Rxd8 Rxd8 26. Rxd8 cxb3
27. Rd2 Kb5 28. Rd4 a5 29. a4+ Kc5 30. Rd2 Kb4 31. Kf2 Ka3 32. Ke3 b2 0-1

[Event "Quebec op U2000"]
[Site "Montreal CAN"]
[Date "2016.07.25"]
[Round "4.41"]
[White "Jacques, Simon"]
[Black "Cisse, Lamine"]
[Result "1-0"]
[WhiteElo "1625"]
[BlackElo "1898"]
[PlyCount "71"]
[EventDate "2016.07.23"]
[EventType "swiss"]
[EventRounds "8"]
[EventCountry "CAN"]

1. e4 c6 2. d4 d5 3. e5 Bf5 4. Nc3 e6 5. g4 Bg6 6. h4 h6 7. h5 Bh7 8. Bd3 Bxd3
9. Qxd3 Nd7 10. Nge2 Be7 11. Be3 Qc7 12. f4 O-O-O 13. a3 Nb6 14. b3 Bf8 15. a4
a5 16. Bd2 Bb4 17. Nd1 Bxd2+ 18. Qxd2 Nd7 19. Ne3 Ne7 20. b4 axb4 21. Qxb4 Nb8
22. a5 Na6 23. Qb3 c5 24. c4 cxd4 25. cxd5 dxe3 26. d6 Qc6 27. O-O Nc5 28. Qa3
Kd7 29. dxe7 Kxe7 30. Rac1 Rc8 31. Nd4 Qd5 32. Rfd1 Ke8 33. Qxe3 Kf8 34. Nf5
Qxd1+ 35. Rxd1 exf5 36. Rc1 1-0

[Event "Quebec op U2000"]
[Site "Montreal CAN"]
[Date "2016.07.25"]
[Round "4.42"]
[White "Weston, Paul"]
[Black "Sharpe, Michael"]
[Result "1-0"]
[WhiteElo "1893"]
[BlackElo "1617"]
[PlyCount "81"]
[EventDate "2016.07.23"]
[EventType "swiss"]
[EventRounds "8"]
[EventCountry "CAN"]

1. e4 c5 2. Nf3 d6 3. c3 Nf6 4. Bc4 e6 5. d3 Nc6 6. Bb3 Be7 7. O-O O-O 8. Re1
Bd7 9. Nbd2 b5 10. Nf1 Rc8 11. d4 cxd4 12. cxd4 Na5 13. Bc2 Qc7 14. Bb1 e5 15.
h3 h6 16. d5 Nh7 17. Ng3 Nc4 18. b3 Nb6 19. Bb2 Qd8 20. Bd3 Na8 21. Qe2 Nc7 22.
Rac1 Ng5 23. Nh2 Nh7 24. Rc2 Bg5 25. Bc1 Na8 26. Rxc8 Qxc8 27. Ba3 Qa6 28. Bb4
Qb6 29. Rd1 Rc8 30. Nf3 Be7 31. Nxe5 Be8 32. Nf5 Bf6 33. Ng4 Rd8 34. Bxd6 Bd7
35. e5 Re8 36. Nfxh6+ gxh6 37. Bxh7+ Kg7 38. Nxf6 Rc8 39. Nxd7 Qd8 40. Nf6 Kh8
41. Bf5 1-0

[Event "Quebec op U2000"]
[Site "Montreal CAN"]
[Date "2016.07.25"]
[Round "4.43"]
[White "Desmarais, Serge"]
[Black "Kay, Sang Kil"]
[Result "1-0"]
[WhiteElo "1743"]
[BlackElo "1574"]
[PlyCount "105"]
[EventDate "2016.07.23"]
[EventType "swiss"]
[EventRounds "8"]
[EventCountry "CAN"]

1. d4 Nf6 2. c4 e5 3. dxe5 Ng4 4. Bf4 Nc6 5. Nf3 Bb4+ 6. Nc3 Bxc3+ 7. bxc3 Qe7
8. Qd5 Qa3 9. Rc1 f6 10. exf6 Nxf6 11. Qd2 d6 12. Qe3+ Ne7 13. Bg5 Bd7 14. Nd4
h6 15. Bxf6 gxf6 16. g3 O-O-O 17. Bg2 Rde8 18. O-O Qc5 19. Qd3 Kb8 20. Rb1 Nc6
21. Rb5 Ne5 22. Rxb7+ Kc8 23. Qb1 Kd8 24. Qb4 a5 25. Qxc5 dxc5 26. Nb5 Nxc4 27.
Rd1 Nd6 28. Nxd6 cxd6 29. Rxd6 Rh7 30. Bh3 Ree7 31. Kf1 Kc8 32. Rbxd7 Rxd7 33.
Rxd7 Rxd7 34. Ke1 Kc7 35. Bxd7 Kxd7 36. e4 Kc6 37. f4 a4 38. c4 h5 39. Kd2 Kc7
40. e5 fxe5 41. fxe5 Kd7 42. Ke3 Ke7 43. Kf4 Ke6 44. Ke4 a3 45. h3 Ke7 46. Kd5
Kd7 47. Kxc5 Ke6 48. Kd4 Ke7 49. c5 Kd7 50. Kd5 Kc7 51. e6 Kc8 52. c6 Kd8 53.
Kd6 1-0